| 000 | 01071nam a22003137a 4500 | ||
|---|---|---|---|
| 001 | 0022741 | ||
| 003 | KOHA_MİRAKIL | ||
| 005 | 20260207002352.0 | ||
| 007 | ta | ||
| 008 | 101011b2010 tu |||gro|||#1|||0|tur | | ||
| 020 |
_a9789757936749 _c0,01 |
||
| 040 |
_aTR-BiSEU _btur _cTR-BiSEU _erda |
||
| 041 | 0 | _atur | |
| 044 | _ctu | ||
| 050 |
_aTA462 _b.U48 2010 |
||
| 111 | 2 |
_aUluslararası Korozyon Sempozyumu (12. : Eskişehir : 2010 ) _947379 |
|
| 245 | 1 |
_aXII. Uluslararası korozyon sempozyumu, 06-09 Ekim 2010 / _cEditör Gözen Bereket, Aysel Yurt, Arzu Pınarbaşı, Berrin duran. |
|
| 264 | 1 |
_aEskişehir : _bOsmangazi Üniversitesi _c2010 |
|
| 300 | _a476 sayfa; 25 cm. | ||
| 336 |
_ametin _btxt _2rdacontent |
||
| 337 |
_aaracısız _bn _2rdamedia |
||
| 338 |
_acilt _bnc _2rdacarrier |
||
| 490 | 1 |
_aOsmangazi Üniversitesi yayınları no ; _v178 |
|
| 500 | _aKaynakça var. | ||
| 650 | 0 |
_aKorozyon ve korozyon önleyiciler--Kongreler. _947380 |
|
| 830 | 1 |
_aOsmangazi Üniversitesi yayınları no ; _v178 _938797 |
|
| 907 | _aSempozyum | ||
| 942 |
_2lcc _cBK |
||
| 999 |
_c22697 _d22697 |
||